<?xml version="1.0" encoding="UTF-8"?>
<record
    xmlns:xsi="http://www.w3.org/2001/XMLSchema-instance"
    xsi:schemaLocation="http://www.loc.gov/MARC21/slim http://www.loc.gov/standards/marcxml/schema/MARC21slim.xsd"
    xmlns="http://www.loc.gov/MARC21/slim">

  <leader>01132nam a2200217Ia 4500</leader>
  <controlfield tag="001">IA_Para determinar si los buenos resultados logrados a nivel experimental se pueden lograr a nivel comercial, as&#xED; como evaluar la viabilidad comercial del uso del desahuatado precosecha, se hicieron aplicaciones semanales consecutivas de dos formulaciones: &#xE1;cido giber&#xE9;lico (50 ppm) en combinaci&#xF3;n con ethrel (700 y 900 ppm) a tres variedades comerciales de tuna.</controlfield>
  <controlfield tag="002">DESAHUATADO PRECOSECHA DE TUNA IMPLANTADO A NIVEL</controlfield>
  <controlfield tag="008">220117s    xx            000 0 und d</controlfield>
  <datafield tag="010" ind1=" " ind2=" ">
    <subfield code="a">185631</subfield>
  </datafield>
  <datafield tag="530" ind1=" " ind2=" ">
    <subfield code="a">Disponible en PDF</subfield>
  </datafield>
  <datafield tag="650" ind1=" " ind2=" ">
    <subfield code="a">Espinas de las plantas</subfield>
    <subfield code="x">Tratamiento  </subfield>
    <subfield code="9">159752</subfield>
  </datafield>
  <datafield tag="650" ind1=" " ind2="0">
    <subfield code="a">Opuntia ficus-indica</subfield>
    <subfield code="9">153774</subfield>
  </datafield>
  <datafield tag="650" ind1=" " ind2=" ">
    <subfield code="a">Plants spines</subfield>
    <subfield code="x">Treatment</subfield>
    <subfield code="9">159753</subfield>
  </datafield>
  <datafield tag="650" ind1=" " ind2=" ">
    <subfield code="a">Tuna</subfield>
    <subfield code="x">Desahuatado  </subfield>
    <subfield code="9">159754</subfield>
  </datafield>
  <datafield tag="700" ind1="1" ind2=" ">
    <subfield code="a">Colinas y Le&#xF3;n, Mar&#xED;a Teresa Beryl</subfield>
    <subfield code="9">163743</subfield>
  </datafield>
  <datafield tag="700" ind1="1" ind2=" ">
    <subfield code="a">Corrales Garc&#xED;a, Jos&#xE9; Joel Enrique</subfield>
    <subfield code="9">148339</subfield>
  </datafield>
  <datafield tag="700" ind1=" " ind2=" ">
    <subfield code="a">Lira Sandoval, Jos&#xE9; Andr&#xE9;s, coaut. </subfield>
    <subfield code="9">159755</subfield>
  </datafield>
  <datafield tag="700" ind1=" " ind2=" ">
    <subfield code="a">Ponce Javana, Pedro Celestino, asesor</subfield>
    <subfield code="9">163744</subfield>
  </datafield>
  <datafield tag="942" ind1=" " ind2=" ">
    <subfield code="c">TESIS C369 2014</subfield>
  </datafield>
  <datafield tag="999" ind1=" " ind2=" ">
    <subfield code="c">185631</subfield>
    <subfield code="d">185631</subfield>
  </datafield>
</record>
